Psychológovia o pedagogických problémoch

Bibliographic Details
Main Author: Volkov, Kirill Nikolajevič (Author)
Other Authors: Institoris, Dušan, 1950- (Translator)
Format: Book
Language:Slovak
Russian
PhysicalDescription:140 s. 21 cm
Published: Bratislava Slovenské pedagogické nakladateľstvo 1987
Edition:1. vyd.
Series:Pedagogická a psychologická literatúra
Subjects:

MARC

LEADER 00000cam a2200000 a 4500
001 vtls001121167
003 SK-MaSNL
005 20260301233323.0
008 251104s1987 xo n 000 0 slo
015 |a SNBA1988/05 
035 |a SNK000064010 
035 |a urn:nbn:sk:snk-amjbb3 
035 |a urn:nbn:sk:snk-am00294z 
035 |a B696289F-F8E1-411E-91DA-70491B9B95AA 
040 |a SNK  |b slo  |c SNK  |e AACR2 
041 1 |a slo  |h rus 
044 |a xo  |c SK 
080 |a 37.015.3  |2 1981 
100 1 |a Volkov, Kirill Nikolajevič  |4 aut  |9 627815 
240 1 0 |a Psichologi o pedagogičeski problemach  |l Slovensky 
245 1 0 |a Psychológovia o pedagogických problémoch  |c Kirill Nikolajevič Volkov ; preložil Dušan Institoris 
250 |a 1. vyd. 
260 |a Bratislava  |b Slovenské pedagogické nakladateľstvo  |c 1987  |e Trnava  |f Polygrafické závody 
300 |a 140 s.  |c 21 cm 
366 |e 2000 výt. 
490 1 |a Pedagogická a psychologická literatúra 
500 |a Lit. 40. 40 zázn. v slov., češ. a ruš. 
504 |a Bibliogr.: s. 139-140 
650 0 7 |a pedagogická psychológia  |2 SNKPH  |9 58135 
650 0 7 |a sociálna psychológia  |2 SNKPH  |9 1007 
655 7 |a príručky  |2 SNKPH  |9 74364 
700 1 |a Institoris, Dušan,  |d 1950-  |4 trl  |9 37525 
830 0 |a Pedagogická a psychologická literatúra  |9 277396 
852 |a Slovenská národná knižnica 
954 |a odborná, vedecká literatúra cudzojazyčná (svetová)  |2 lita 
958 |a EUIPO 
958 |a OND 
958 |a SK 
958 |a NB 
958 |a OP 
968 |a SLO  |b RUS 
999 |c 965639  |d 967569 
952 |t P60, <04>, [BOOK], {604}  |a SNK  |b SNK  |y VYP  |7 0  |p 17A0152819  |o snkSC 71226 D1  |i snkKSP 2328/88  |0 0  |1 0  |4 0  |d 2001-03-31  |f 1  |l 0  |r 2004-12-31 00:00:00  |w 2026-02-24 
952 |a SNK  |b SNK  |y PREZ  |7 0  |p 17A0936950  |o snkSC 71226  |0 0  |1 0  |4 0  |d 2012-08-07  |l 0  |r 2025-07-22 00:00:00  |w 2026-02-24